Trí tuệ nhân tạo:Các phương pháp giải quyết vấn đề và kỹ thuật xử lý tri thức = Artificial Interlligence

Nội dung của môn học "Trí tuệ nhân tạo" một môn chuyên ngành trong chương trình đào tạo kỹ sư tin học, giúp sinh viên được làm quen với một số kiến thức cơ bản nhất về các phương pháp giải quyết vấn đề và kỹ thuật xử lí tri thu...

Ausführliche Beschreibung

Gespeichert in:
Bibliographische Detailangaben
1. Verfasser: Nguyễn, Thanh Thuỷ
Format: Buch
Sprache:Undetermined
Veröffentlicht: Hà Nội Khoa học và kỹ thuật 1996
Schlagworte:
Tags: Tag hinzufügen
Keine Tags, Fügen Sie den ersten Tag hinzu!
Thư viện lưu trữ: Trung tâm Học liệu Trường Đại học Cần Thơ
LEADER 01037nam a2200205Ia 4500
001 CTU_92886
008 210402s9999 xx 000 0 und d
082 |a 004 
082 |b Th523 
100 |a Nguyễn, Thanh Thuỷ 
245 0 |a Trí tuệ nhân tạo:Các phương pháp giải quyết vấn đề và kỹ thuật xử lý tri thức = 
245 0 |b Artificial Interlligence 
245 0 |c Nguyễn Thanh Thuỷ 
260 |a Hà Nội 
260 |b Khoa học và kỹ thuật 
260 |c 1996 
520 |a Nội dung của môn học "Trí tuệ nhân tạo" một môn chuyên ngành trong chương trình đào tạo kỹ sư tin học, giúp sinh viên được làm quen với một số kiến thức cơ bản nhất về các phương pháp giải quyết vấn đề và kỹ thuật xử lí tri thức. 
650 |a Artificial intelligence 
904 |i Tuyến 
980 |a Trung tâm Học liệu Trường Đại học Cần Thơ